01357nam a2200361 a 4500001001100000003000800011006001900019007001500038008004100053010001700094015001500111016001900126020001500145020003500160040002100195035002000216050002300236082001400259100002300273245013400296260007100430300001800501504005100519533015200570650001600722650001900738650001900757650003300776655002900809710001700838856012500855999001500980ebr5001701CaPaEBRm u cr cn|||||||||000710s1999 enk sb 001 0 eng  z 99032866  aGBA0-437627 a03337513292Uk z0333751329 z0312223803(St. Martin's Press) aCaPaEBRcCaPaEBR a(OCoLC)7075424414aJC337b.G56 2000eb04a330.12211 aArchibugi, Franco.14aThe associative economyh[electronic resource] :binsights beyond the welfare state and into post-capitalism /cFranco Archibugi. aBasingstoke :bMacmillan ;aNew York :bSt. Martin's Press,c1999. axviii, 373 p. aIncludes bibliographical references and index. aElectronic reproduction.bPalo Alto, Calif. :cebrary,d2013.nAvailable via World Wide Web.nAccess may be limited to ebrary affiliated libraries. 0aCapitalism. 0aWelfare state. 0aSocial change. 0aProduction (Economic theory) 7aElectronic books.2local2 aebrary, Inc.40uhttp://site.ebrary.com/lib/rucke/Doc?id=5001701zAn electronic book accessible through the World Wide Web; click to view c1306d1306